| 000 | 00994nas a2200325 4500 | ||
|---|---|---|---|
| 001 | BR0304231 | ||
| 003 | BR-BrBNA | ||
| 005 | 20231205104018.0 | ||
| 007 | ta | ||
| 008 | 230509b bl.|||p| |||| 00| 00por d | ||
| 040 |
_aBR-BrBNA _bpor _cBiblioteca Nacional de Agricultura |
||
| 041 | _a(Pt) | ||
| 072 | _aL51; L74; L70 | ||
| 100 | 1 | _aAfonso, J.A.B. | |
| 100 | 1 | _aMendonça, C.L. de | |
| 100 | 1 | _aCosta, N. de A. | |
| 100 | 1 | _aSouza, M.I. de | |
| 100 | 1 | _aSimão, L.C.V. | |
| 100 | 1 | _aDantas, F.R. | |
| 245 | 1 | _aAlterações clínicas e laboratoriais na dilatação do ceco em bovinos. Análise de 10 casos | |
| 650 | _aGADO LEITEIRO | ||
| 650 | _aDIGESTÃO | ||
| 650 | _aDISTÚRBIO FISIOLÓGICO | ||
| 650 | _aINTESTINO GROSSO | ||
| 650 | _aPRODUÇÃO LEITEIRA | ||
| 650 | _aVETERINÁRIA | ||
| 773 | 0 |
_tRevista de Educação Continuada (Brazil) _xISSN 1516-3326 _g(2002), v. 5(3) p. 313-320 _wBR0304231 |
|
| 909 |
_a202311 _bLúcia _c55 _dLúcia Elande |
||
| 942 |
_2AGRIS _n0 _cANA |
||
| 999 |
_c175946 _d175946 |
||